Statistics for Eclectic Word Chain 2 (5 Letters)

Click here to take the quiz!

General Stats

  • This quiz has been taken 16 times
  • The average score is 13 of 20

Answer Stats

HintAnswer% Correct
An affair or secret lover (from French)Amour
100%
Domesticated pack animal from South AmericaLlama
100%
An artist's standEasel
92%
A periodical with illustrated strips or someone who does "stand up"Comic
85%
A particular period of time in historyEpoch
85%
Being aristocratic or righteousNoble
85%
Widespread destructionHavoc
77%
What most birds do at nightRoost
77%
To long forYearn
77%
Polite or relating to ordinary citizensCivil
69%
Thin, supple and graceful (person usually)Lithe
69%
A medicine with an invigorating effectTonic
69%
Filthy moneyLucre
62%
A coarse stringTwine
62%
To sing while rapidly varying pitchYodel
54%
An ancient measure of lengthCubit
46%
To have encouraged someone to do something riskyEgged
38%
To take onAdopt
15%
Something used to lure prey closer or into a trapDecoy
15%
Grumpy or crotchetyTesty
0%

Score Distribution

Percentile by Number Answered

Percent of People with Each Score

Your Score History

You have not taken this quiz